Zpravodaj okresného odboru turistiky ČSTV v Martine

Bibliographic Details
Corporate Author: Československá telesná výchova Okresný výbor Martin (Publisher)
Format: Journal
Language:Slovak
PhysicalDescription:2 roč. 30 x 21 cm
Published: Martin Okresný výbor ČSTV, turistický odbor v Martine 1958-1959
Subjects:

MARC

LEADER 00000nas a22000001a 4500
001 vtls010300973
003 SK-MaSNL
005 20260228162910.0
008 110810d19581959xo x p r 0 b0slo
015 |a SNBDS17XX9999 
015 |a 1991  |2 Balúnová 1945-60 
038 |a SNKBUDS 
040 |a SNK  |b slo  |c SNK  |e AACR2 
041 0 |a slo 
044 |a xo  |c SK 
080 |a 796  |2 2001 
080 |a 796/799:061.23  |2 2001 
080 |a 796.5  |2 2001 
245 0 0 |a Zpravodaj  |b okresného odboru turistiky ČSTV v Martine 
260 |a Martin  |b Okresný výbor ČSTV, turistický odbor v Martine  |c 1958-1959 
300 |a 2 roč.  |c 30 x 21 cm 
310 |a Periodicita sa nedá určiť 
362 0 |a Č. 1 (1958)-č. 1 (1959) 
500 |a Vych. v Martine nepravidelne 
500 |a Red. sa neuvádza 
500 |a Vyd. Okresný výbor ČSTV, turistický odbor v Martine 
500 |a Tlač. rozmnož. rotaprintom 
500 |a Časopis bez bližšieho dátumu, pravdepodobne v letnom období 
505 8 0 |g Roč. 1958 2 č. po 4-6 s. 
505 8 0 |g Roč. 1959 1 č. 4 s. 
650 0 7 |a turistika  |2 SNKPH  |9 683 
650 0 7 |a športové organizácie  |2 SNKPH  |9 1049 
655 7 |a športové časopisy  |2 SNKBUDS  |9 145628 
710 2 |a Československá telesná výchova  |b Okresný výbor Martin  |e vydav.  |9 272444 
852 |a SNK  |b 10000  |h ČSB 3302 
999 |c 8522  |d 10452